ՀՀ Գիտությունների ազգային ակադեմիայի հիմնարար գիտական գրադարան  =   Fundamental Scientific Library of NAS RA

Институции : (Record no. 536858)

MARC details
000 -LEADER
fixed length control field 00883nam a2200217 a 4500
001 - CONTROL NUMBER
control field 2030316
003 - CONTROL NUMBER IDENTIFIER
control field AM-YEHGA
005 - DATE AND TIME OF LATEST TRANSACTION
control field 20251118144856.0
008 - FIXED-LENGTH DATA ELEMENTS--GENERAL INFORMATION
fixed length control field 250905s1916 ru |||||||||||||||0|rus|d
040 ## - CATALOGING SOURCE
Original cataloging agency AM-YEHGA
041 1# - LANGUAGE CODE
Language code of text/sound track or separate title rus
Language code of original ger
100 1# - MAIN ENTRY--PERSONAL NAME
Personal name Зом, Рудольф
245 10 - TITLE STATEMENT
Title Институции :
Remainder of title История и система рим. гражд. права /
Statement of responsibility, etc. Проф. Р. Зом ; Пер. Нина Кесслер.
250 ## - EDITION STATEMENT
Edition statement Пер. с 14-го изд. под ред. А.Н. Беликова
260 ## - PUBLICATION, DISTRIBUTION, ETC.
Place of publication, distribution, etc. Сергиев Посад :
Name of publisher, distributor, etc. тип. И.И. Иванова,
Date of publication, distribution, etc. 1916.
300 ## - PHYSICAL DESCRIPTION
Extent часть, выпуск
505 10 - FORMATTED CONTENTS NOTE
Miscellaneous information Ч. 2, Вып. 1 (1916, 368 с.) :
Title Общая часть и вещное право
650 14 - SUBJECT ADDED ENTRY--TOPICAL TERM
Topical term or geographic name entry element Римское гражданское право
700 1# - ADDED ENTRY--PERSONAL NAME
Personal name Кесслер, Нина
Relator term пер.
Relationship trl
942 ## - ADDED ENTRY ELEMENTS (KOHA)
Source of classification or shelving scheme Universal Decimal Classification
Koha item type Գրքեր / Books
Holdings
Withdrawn status Lost status Source of classification or shelving scheme Damaged status Not for loan Collection Home library Current library Date acquired Serial enumeration / chronology Total checkouts Full call number Barcode Date last seen Price effective from Koha item type Public note
    Universal Decimal Classification     Kusikian Individual Collection Fundamental Scientific Library Fundamental Scientific Library 05/09/2025 Ч. 2, Вып. 1   Кус/3956 FL0694347 05/09/2025 08/10/2025 Գրքեր / Books ILL Non-Circ.


ՀՀ ԳԱԱ հիմնարար գիտական գրադարան
ՀՀ,Երևան 0019
Մարշալ Բաղրամյան 24/6
հեռախոս:(374-10) 52-47-50
Հետադարձ կապ

All site content, except where otherwise noted, is licensed under a
Creative Commons License